Statistics for Countries that Desalinate the Most Water

Click here to take the quiz!

General Stats

  • This quiz has been taken 19,704 times
  • The average score is 10 of 14

Answer Stats

LitersAnswer% Correct
580 bilUnited States
92%
2180 bilSaudi Arabia
82%
200 bilEgypt
78%
200 bilIran
77%
586 bilIsrael
76%
330 bilOman
76%
1975 bilUnited Arab Emirates
76%
144 bilAustralia
73%
605 bilQatar
73%
136 bilJordan
65%
242 bilBahrain
64%
631 bilAlgeria
63%
364 bilSpain
48%
1250 bilKazakhstan
30%

Score Distribution

Percentile by Number Answered

Percent of People with Each Score

Your Score History

You have not taken this quiz